Toutes les musiques de Shay - Statistiques

Statistiques générales
  • Ce quiz a été pris 113 fois
  • Le résultat moyen est 20 sur 50
Statistiques - réponses
Album Titre % Correct
Antidote Jolie
93%
Jolie Garce PMW
79%
Antidote Liquide
78%
Pourvu qu'il pleuve Jolie go
70%
Pourvu qu'il pleuve Sans coeur
68%
Jolie Garce Thibaut Courtois
66%
Antidote Notif
63%
Pourvu qu'il pleuve Commando
61%
Pourvu qu'il pleuve Paradis
59%
Antidote Cocorico
54%
Antidote Ich Liebe Dich
51%
Pourvu qu'il pleuve Santa Fe
51%
DA
50%
Pourvu qu'il pleuve A l'envers
47%
Jolie Garce La go
47%
Jolie Garce Biche
45%
Pourvu qu'il pleuve JGG
45%
Pourvu qu'il pleuve Shooter
43%
Antidote Villa
43%
Antidote Même pas bonne
42%
Pourvu qu'il pleuve 17
41%
Pourvu qu'il pleuve Partie Hier
39%
Inspi d'ailleurs Pim Pom
38%
Pourvu qu'il pleuve T mimi
38%
Pourvu qu'il pleuve 1000 à l'heure
37%
Pourvu qu'il pleuve Baby daddy
36%
Pourvu qu'il pleuve Poisson ivy
36%
Jolie Garce Cabeza
34%
Antidote Coeur Wanted
34%
A l'abri Kobe
33%
Antidote Oh oui
33%
Antidote Amour & désastres
30%
Pourvu qu'il pleuve Cash
30%
Antidote BXL
26%
Antidote Pleurer
26%
Jolie Garce Gazon
24%
Jolie Garce Ma retraite
24%
Antidote Prends ton time
24%
Jolie Garce Paumes brulées
22%
XCII
22%
Jolie Garce Dernier
21%
Antidote Désillusions
21%
Jolie Garce Mon dealeur
21%
Jolie Garce Catch Up
20%
Jolie Garce La go - interlude
17%
Jolie Garce Qui te suivra ?
17%
Perpétuité
16%
CDG Ivre
14%
Tokooos Guerrier
12%
Par habitude
11%
Aucun quiz correspondant
Distribution des résultats
% des personnes avec chaque résultat
Percentile par nombre de réponses
Votre historique - résultats
Vous n’avez pas pris ce quiz